Normativa y definición de procedimientos para matenimiento e instalación de servicios inalámbricos

Sábháilte in:
Sonraí bibleagrafaíochta
Príomhchruthaitheoir: Guerrero Arias, Alonso
Formáid: LEABHAR
Foilsithe / Cruthaithe: San José, C.R. 1998
Ábhair:
Clibeanna: Cuir clib leis
Níl clibeanna ann, Bí ar an gcéad duine le clib a chur leis an taifead seo!

MARC

LEADER 00000nam a2200000Ia 4500
003 008652
005 20221231144218.0
008 140114s1999 cr a 000 ||s d
040 |c cru CEDI 
090 |a TFG 3969 
100 |a Guerrero Arias, Alonso  |9 5862 
245 |a Normativa y definición de procedimientos para matenimiento e instalación de servicios inalámbricos 
260 |c 1998  |a  San José, C.R.  
300 |a  x, 130 hojas  
500 |a Proyecto de graduación (bachillerato en ingeniería eléctrica)--Universidad de Costa Rica. Facultad de Ingeniería. Escuela de Ingeniería Eléctrica 
650 |x SISTEMAS DE COMUNICACION POR MICROONDAS  |9 8703 
942 |c TFG 
999 |c 18499  |d 18499